LEADER 01408nam0 2200421 450 001 990000887060203316 010 $a88-8163-081-8$d30000 035 $a0088706 035 $aUSA010088706 035 $a(ALEPH)000088706USA01 035 $a0088706 100 $a19981126h19971997||ita|0103 ba 101 $aita 102 $aIT 105 $a|||| ||||| 200 1 $a<> riqualificazione delle periferie urbane$econfronto tra le esperienze francesi e italiane$fa cura di Luigi Lagomarsino e Antida Gazzola$gprefazione Romolo Benvenuto$gpremessa Edoardo Benvenuto 210 $aGenova$cErga$h1997 215 $a171 p$cill.$d27 cm 225 $aArte$iArchitettura 300 $aIn cop.: Fondazione Mario e Giorgio Laḅ 410 1$12001$aArte$iArchitettura 606 0 $aPeriferie$xSistemazione urbanistica$yItalia 606 0 $aPeriferie$xSistemazione urbanistica$yFrancia 676 $a711.40945 702 1$aGAZZOLA,$bAntida 702 1$aLAGOMARSINO,$bLuigi 702 1$aBENVENUTO,$bRomolo 702 1$aBENVENUTO,$bEdoardo 801 0$aIT$bsalbc$gISBD 912 $a990000887060203316 951 $a711.40945 RIA$b12776 ING$c711.40945 959 $aBK 969 $aTEC 979 $aPATTY$b90$c20020121$lUSA01$h0932 979 $c20020403$lUSA01$h1733 979 $aPATRY$b90$c20040406$lUSA01$h1701 996 $aRiqualificazione delle periferie urbane$9970315 997 $aUNISA LEADER 00861nam0-22002891i-450 001 990006161020403321 005 20230210090318.0 035 $a000616102 035 $aFED01000616102 035 $a(Aleph)000616102FED01 100 $a19980601d1993----km-y0itay50------ba 101 0 $aita 102 $aIT 105 $a--------00-yy 200 1 $aAlla ricerca delle leggi ultime della fisica$fSteven Weinberg$ga cura di Claudio Bartocci 210 $aGenova$cIl Melangolo$d1993 215 $a80 p.$d16 cm 676 $a531.5$v23$zita 700 1$aWeinberg,$bSteven$f<1933- >$09971 702 1$aBartocci,$bClaudio$f<1962- > 801 0$aIT$bUNINA$gREICAT$2UNIMARC 901 $aBK 912 $a990006161020403321 952 $aBUSTA 27 (9) 9$b24049*$fFGBC 959 $aFGBC 996 $aAlla ricerca delle leggi ultime della fisica$9645107 997 $aUNINA